Deutschland Trivia Quiz - Statistiken

Allgemein
  • Dieses Quiz wurde 448 mal gespielt
    255 seit der letzten Aktualisierung
  • Das Durchschnittsergebnis liegt bei 14 aus 21
Antwortstatistiken
Hinweis Antwort % Korrekt
Hauptstadt Berlin
100%
Anzahl Bundesländer 16
99%
Größtes Bundesland (Fläche) Bayern
96%
Nenne eine der Milionenstädte (Berlin ausgenommen) Köln/ Hamburg/ München
95%
Längster Fluss (NUR DER deutsche Teil) Rhein
94%
Größtes Bundesland (Einwohner) Nordrhein-Westfahlen
92%
Einwohner Zahl (in Mio gerundet) 84
84%
Kleinstes Bundesland (Fläche) Bremen
81%
Größter Berg Zugspitze
81%
Gebirge im Süden Alpen
74%
Längste Autobahn A7
69%
Fluss in Bremen Weser
66%
Größte Insel Rügen
59%
Heide bei Hamburg (… Heide) Lüneburger Heide
55%
Gebirge im Osten Erzgebirge
43%
Größter Binnenhafen der Welt Duisburg
40%
„Östlichste Stadt“ Görlitz
30%
Aus diesen Flüssen entspringt die Weser Werra/Fulda
27%
Höchstes Gebäude Commerzbank Tower
25%
Straße vom Brandenburger Tor zur Siegessäule Straße des 17. Juni
25%
Aus diesen Flüssen entspringt die Weser Werra/Fulda
25%
Keine übereinstimmenden Quizze gefunden
Verteilung der Resultate
Anzahl Personen mit jedem Resultat
Perzentil nach korrekt beantworteten Fragen
Ihre Resultats-Entwicklung
Sie haben dieses Quiz seit der letzten Aktualisierung nicht gespielt